000 00375nab a22001097u 4500
008 130520b1962 xxu||||| |||| 00| 0 eng d
041 _aeng
100 1 _aDinneen, John A.
_950641
245 0 0 _aLinguistic Analysis and Metaphysics as a Problem
_cJohn A. Dinneen
773 0 _tLaval Théologique et Philosophique
_gV.18, nº1,1962,págs. 112-140
_x0023-9054
_wRev251
942 _cAR
999 _c304127
_d304127